Normal view MARC view
  • E-COMMECRCE EDI INTRANETS E-COMMERCE STANDARDS E-COMMERCE LAWS

Entry Topical Term

Number of records used in: 1

001 - CONTROL NUMBER

  • control field: 80252

003 - CONTROL NUMBER IDENTIFIER

  • control field: NUST

005 - DATE AND TIME OF LATEST TRANSACTION

  • control field: 20210628210627.0

008 - FIXED-LENGTH DATA ELEMENTS

  • fixed length control field: 210628|| aca||aabn | a|a d

040 ## - CATALOGING SOURCE

  • Original cataloging agency: NUST
  • Transcribing agency: NUST

150 ## - HEADING--TOPICAL TERM

  • Topical term or geographic name entry element: E-COMMECRCE EDI INTRANETS E-COMMERCE STANDARDS E-COMMERCE LAWS

670 ## - SOURCE DATA FOUND

  • Source citation: Work cat.: (NUST): Suri, R.K Diwan, Parag Kaushik, Sanjay 80251, It encyclopaedia.com,vol-8 e-commerce, 2001
© 2023 Central Library, National University of Sciences and Technology. All Rights Reserved.